[Event "GER-chA Seniors 26th"]
[Site "Bad Neuenahr"]
[Date "2014.08.09"]
[Round "5"]
[White "Piastowski, Kurt"]
[Black "Schoeler, Gerhard1111"]
[Result "0-1"]
[WhiteElo "1977"]
[BlackElo "1885"]
[PlyCount "108"]
[EventDate "2014.08.05"]
[EventType "swiss"]
[EventRounds "9"]
[EventCountry "GER"]
[SourceTitle "EXT 2018"]
[Source "ChessBase"]
[SourceDate "2017.10.13"]
[SourceVersion "1"]
[SourceVersionDate "2017.10.13"]
[SourceQuality "1"]

1. d4 Nf6 2. Nf3 d5 3. Bf4 e6 4. e3 Be7 5. Bd3 Nbd7 6. Nbd2 c5 7. c3 0-0 8. 0-0 c4 9. Bc2 b5 10. e4 dxe4 11. Nxe4 Bb7 12. Re1 Qb6 13. Ne5 Rad8 14. Nxd7 Rxd7 15. Nxf6+ Bxf6 16. Re3 g6 17. Qe2 a5 18. Be5 Bxe5 19. Rxe5 Rd5 20. Be4 Rxe5 21. dxe5 Bxe4 22. Qxe4 Rd8 23. Qe2 Qc5 24. Kf1 Rd3 25. f4 Qd5 26. Ke1 b4 27. cxb4 Qd4 28. Qf2 Re3+ 29. Kf1 axb4 30. Re1 Qd3+ 31. Re2 Re4 32. Qf3 Qd1+ 33. Kf2 Qd4+ 34. Ke1 Rxf4 35. Qe3 Kg7 36. Qxd4 Rxd4 37. Rd2 Rg4 38. Kd1 c3 39. bxc3 bxc3 40. Re2 Ra4 41. Rc2 f6 42. exf6+ Kxf6 43. Ke2 Ke5 44. Kd3 Ra3 45. Kc4 Ke4 46. Re2+ Kf4 47. Kb4 Ra6 48. Kxc3 e5 49. Kc4 e4 50. Kd4 Ra4+ 51. Kd5 e3 52. Kc5 g5 53. Kb5 Ra3 54. Kb4 Rd3 0-1

[Event "GER-ch North Seniors 48th"]
[Site "Sottrum"]
[Date "2014.05.30"]
[Round "5"]
[White "Davydov, Mihail"]
[Black "Piastowski, Kurt"]
[Result "1-0"]
[WhiteElo "2054"]
[BlackElo "1983"]
[PlyCount "39"]
[EventDate "2014.05.26"]
[EventType "swiss"]
[EventRounds "7"]
[EventCountry "GER"]
[SourceTitle "EXT 2018"]
[Source "ChessBase"]
[SourceDate "2017.10.13"]
[SourceVersion "1"]
[SourceVersionDate "2017.10.13"]
[SourceQuality "1"]

1. e4 c5 2. Nc3 Nc6 3. g3 Nf6 4. Bg2 d6 5. Nge2 e5 6. a3 Be7 7. Rb1 a5 8. a4 Na7 9. 0-0 Bd7 10. f4 b5 11. b3 b4 12. Nd5 Nxd5 13. exd5 Bf6 14. Bb2 0-0 15. f5 g6 16. g4 Bg5 17. Ng3 Bf4 18. Ne4 gxf5 19. Rxf4 exf4 20. Nf6+ 1-0

[Event "GER-ch North Seniors 48th"]
[Site "Sottrum"]
[Date "2014.05.28"]
[Round "3"]
[White "Piastowski, Kurt"]
[Black "Meyer, Irmin"]
[Result "0-1"]
[WhiteElo "1983"]
[BlackElo "1979"]
[PlyCount "68"]
[EventDate "2014.05.26"]
[EventType "swiss"]
[EventRounds "7"]
[EventCountry "GER"]
[SourceTitle "EXT 2018"]
[Source "ChessBase"]
[SourceDate "2017.10.13"]
[SourceVersion "1"]
[SourceVersionDate "2017.10.13"]
[SourceQuality "1"]

1. d4 Nf6 2. Nf3 e6 3. Bf4 c5 4. e3 b6 5. Be2 Bb7 6. Nbd2 Be7 7. 0-0 0-0 8. c4 d6 9. h3 Nc6 10. Qc2 cxd4 11. exd4 Rc8 12. Be3 d5 13. Qd1 dxc4 14. Nxc4 Nd5 15. a3 b5 16. Nce5 a6 17. Rc1 Bd6 18. Nxc6 Bxc6 19. Qd2 Qe7 20. Ne5 Bb7 21. Rxc8 Rxc8 22. Rc1 Rxc1+ 23. Qxc1 Nxe3 24. fxe3 Bxe5 25. dxe5 h6 26. Qc3 Qg5 27. Bf1 Bd5 28. Qd4 Qg3 29. Qc3 g6 30. Qd4 Qe1 31. Qf4 Bc4 32. Qf2 Qc1 33. e4 Bxf1 34. Qxf1 Qxb2 0-1

[Event "Niedersachsen-ch Seniors 47th"]
[Site "Sottrum"]
[Date "2013.03.13"]
[Round "5"]
[White "Rychlik, Kurt"]
[Black "Piastowski, Kurt"]
[Result "0-1"]
[WhiteElo "2115"]
[BlackElo "1978"]
[PlyCount "90"]
[EventDate "2013.03.09"]
[EventType "swiss"]
[EventRounds "7"]
[EventCountry "GER"]
[SourceTitle "EXT 2023"]
[Source "ChessBase"]
[SourceDate "2022.10.05"]
[SourceVersion "1"]
[SourceVersionDate "2022.10.05"]
[SourceQuality "1"]

1. d4 d5 2. c4 e6 3. Nf3 Nf6 4. Nc3 c6 5. Bg5 Be7 6. e3 0-0 7. Bd3 Nbd7 8. 0-0 dxc4 9. Bxc4 h6 10. Bh4 b5 11. Bd3 b4 12. Na4 c5 13. Rc1 cxd4 14. Nxd4 Bb7 15. Nc6 Bxc6 16. Rxc6 Ne5 17. Bxf6 Nxc6 18. Bxe7 Qxe7 19. Be4 Rac8 20. b3 Rfd8 21. Qe2 Qd6 22. Qa6 Rc7 23. g3 Ne7 24. Qa5 Rdc8 25. Nb2 Nd5 26. Nc4 Qc5 27. Qa6 Rc6 28. Qa5 Qxa5 29. Nxa5 Ra6 30. Nc4 Rxa2 31. Bb1 Ra6 32. e4 Nb6 33. Nd6 Rc3 34. Rd1 g6 35. Ne8 Ra1 36. Kg2 Kf8 37. Nf6 Rc8 38. Bc2 Rxd1 39. Bxd1 Rc1 40. Be2 Rb1 41. Ng4 Rxb3 42. Nxh6 Rc3 43. h4 b3 44. h5 b2 45. hxg6 fxg6 0-1

[Event "GER-ch Seniors 23rd"]
[Site "Halle"]
[Date "2011.08.09"]
[Round "5"]
[White "Petzold, Hans"]
[Black "Piastowski, Kurt"]
[Result "1-0"]
[WhiteElo "2145"]
[BlackElo "1976"]
[PlyCount "69"]
[EventDate "2011.08.05"]
[EventType "swiss"]
[EventRounds "9"]
[EventCountry "GER"]
[SourceTitle "CBM 144 Extra"]
[Source "ChessBase"]
[SourceDate "2011.10.28"]
[SourceVersion "1"]
[SourceVersionDate "2011.10.28"]
[SourceQuality "1"]

1. e4 e5 2. Nf3 Nc6 3. Bb5 a6 4. Ba4 Nf6 5. Qe2 b5 6. Bb3 Bc5 7. c3 0-0 8. d3 Bb7 9. Nbd2 Re8 10. Nf1 d5 11. Ng3 Na5 12. Bc2 Bb6 13. Nf5 dxe4 14. dxe4 Nc4 15. 0-0 Nd6 16. Ng3 Qe7 17. Bg5 h6 18. Bd2 Rad8 19. Rae1 c5 20. Bc1 Nd7 21. h3 Nf8 22. Nh2 Ng6 23. Ng4 f6 24. Ne3 Nf4 25. Qf3 Qe6 26. Nd1 Ng6 27. Nh5 Rf8 28. Ne3 Qxa2 29. c4 bxc4 30. Qg3 Kf7 31. Nf5 Ne8 32. Rd1 c3 33. Rxd8 Bxd8 34. Qxc3 Qa5 35. Qc4+ 1-0

[Event "GER-ch Seniors 23rd"]
[Site "Halle"]
[Date "2011.08.07"]
[Round "3"]
[White "Hanisch, Friedrich"]
[Black "Piastowski, Kurt"]
[Result "1-0"]
[WhiteElo "2092"]
[BlackElo "1976"]
[PlyCount "63"]
[EventDate "2011.08.05"]
[EventType "swiss"]
[EventRounds "9"]
[EventCountry "GER"]
[SourceTitle "CBM 144 Extra"]
[Source "ChessBase"]
[SourceDate "2011.10.28"]
[SourceVersion "1"]
[SourceVersionDate "2011.10.28"]
[SourceQuality "1"]

1. d4 Nf6 2. Nf3 e6 3. e3 c5 4. Bd3 b6 5. 0-0 Bb7 6. Nbd2 Be7 7. b3 0-0 8. Bb2 cxd4 9. exd4 Nc6 10. c4 d5 11. a3 Rc8 12. Re1 Re8 13. Rc1 Na5 14. Ne5 Bd6 15. Qe2 Qe7 16. c5 bxc5 17. dxc5 Rxc5 18. Rxc5 Bxc5 19. b4 Bxb4 20. axb4 Qxb4 21. Rb1 Qe7 22. Qe3 Nc6 23. Ndf3 a5 24. Nxc6 Bxc6 25. Qb6 Ba8 26. Be5 Nd7 27. Qc7 Qd8 28. Qxd8 Rxd8 29. Bc7 Rc8 30. Bxa5 f6 31. h3 e5 32. Bf5 1-0

[Event "GER-ch Seniors 22nd"]
[Site "Berlin"]
[Date "2010.08.24"]
[Round "9"]
[White "Piastowski, Kurt"]
[Black "Luft, Helga"]
[Result "1/2-1/2"]
[WhiteElo "1769"]
[BlackElo "1625"]
[PlyCount "38"]
[EventDate "2010.08.16"]
[EventType "swiss"]
[EventRounds "9"]
[EventCountry "GER"]
[SourceTitle "CBM 138 Extra"]
[Source "ChessBase"]
[SourceDate "2010.10.29"]
[SourceVersion "1"]
[SourceVersionDate "2010.10.29"]
[SourceQuality "1"]

1. d4 d5 2. Nf3 Nf6 3. Bg5 e6 4. Nbd2 Be7 5. e3 0-0 6. Bd3 Nbd7 7. 0-0 c5 8. c3 h6 9. Bh4 b6 10. h3 a5 11. g4 Ba6 12. Bxa6 Rxa6 13. a4 c4 14. Qe2 Ra8 15. Ne5 Nxe5 16. dxe5 Nd7 17. Bxe7 Qxe7 18. f4 Nc5 19. e4 Nd3 1/2-1/2

[Event "Niedersachsen-ch Seniors op 13th"]
[Site "Bad Bevensen"]
[Date "2010.07.13"]
[Round "8"]
[White "Gohlke, Karl Heinz"]
[Black "Piastowski, Kurt"]
[Result "1/2-1/2"]
[WhiteElo "1714"]
[BlackElo "1769"]
[PlyCount "33"]
[EventDate "2010.07.06"]
[EventType "swiss"]
[EventRounds "9"]
[EventCountry "GER"]
[SourceTitle "EXT 2012"]
[Source "ChessBase"]
[SourceDate "2011.11.24"]
[SourceVersion "1"]
[SourceVersionDate "2011.11.24"]
[SourceQuality "1"]

1. d4 d5 2. c4 e6 3. Nc3 c6 4. e4 dxe4 5. Nxe4 Nd7 6. Nf3 Ngf6 7. Nc3 Be7 8. Be2 0-0 9. 0-0 Re8 10. Qc2 Qc7 11. Bg5 e5 12. Bd3 exd4 13. Nxd4 h6 14. Bh4 Nc5 15. Bg3 Bd6 16. Bxd6 Qxd6 17. Rad1 1/2-1/2

[Event "Niedersachsen-ch Seniors op 13th"]
[Site "Bad Bevensen"]
[Date "2010.07.10"]
[Round "5"]
[White "Piastowski, Kurt"]
[Black "Engelhardt, Erhard"]
[Result "1-0"]
[WhiteElo "1769"]
[BlackElo "1612"]
[PlyCount "111"]
[EventDate "2010.07.06"]
[EventType "swiss"]
[EventRounds "9"]
[EventCountry "GER"]
[SourceTitle "EXT 2012"]
[Source "ChessBase"]
[SourceDate "2011.11.24"]
[SourceVersion "1"]
[SourceVersionDate "2011.11.24"]
[SourceQuality "1"]

1. d4 b6 2. Nf3 Bb7 3. c4 e6 4. g3 Nf6 5. Bg2 Be7 6. Nc3 Ne4 7. Nxe4 Bxe4 8. 0-0 0-0 9. Bd2 d6 10. Bc3 Nd7 11. e3 Rb8 12. b4 c5 13. b5 Qc7 14. Nd2 Bd3 15. Re1 cxd4 16. Bxd4 Bf6 17. Bxf6 Nxf6 18. Qb3 Bg6 19. Red1 Rfd8 20. Bc6 Rbc8 21. e4 Nd7 22. Bxd7 Rxd7 23. Rac1 Qd8 24. Qe3 Rdc7 25. Qe2 Qe7 26. Nb3 f6 27. Qd3 d5 28. cxd5 Rxc1 29. Rxc1 Rxc1+ 30. Nxc1 exd5 31. Qxd5+ Bf7 32. Qa8+ Be8 33. Ne2 h6 34. a4 Kh7 35. Nc3 Bg6 36. Qd5 Bf7 37. Qd4 Bg6 38. h4 Qc7 39. Kh2 Bf7 40. Nd5 Qd6 41. Qd3 Kh8 42. Qc3 f5 43. Qc8+ Bg8 44. Qxf5 Qa3 45. Nf4 Bh7 46. Qc8+ Bg8 47. Ng6+ Kh7 48. Qf5 Qxa4 49. Ne7+ Kh8 50. Qf8 Qc4 51. Qxg8+ Qxg8 52. Nxg8 Kxg8 53. Kg2 Kf7 54. Kf3 Ke6 55. Ke3 g6 56. g4 1-0